[Event "Rheinhessen-ch U16/U18"]
[Site "Heidesheim"]
[Date "2014.01.07"]
[Round "7"]
[White "Gomes, Daniel"]
[Black "Gomes, Andre"]
[Result "1-0"]
[WhiteElo "962"]
[BlackElo "1096"]
[PlyCount "81"]
[EventDate "2014.01.07"]
[EventType "swiss"]
[EventRounds "7"]
[EventCountry "GER"]
[SourceTitle "EXT 2015"]
[Source "ChessBase"]
[SourceDate "2014.11.20"]
[SourceVersion "1"]
[SourceVersionDate "2014.11.20"]
[SourceQuality "1"]

1. d4 d5 2. c4 c6 3. e3 Nf6 4. Nf3 Bf5 5. Nc3 e6 6. h3 Bb4 7. Bd2 0-0 8. a3 Ba5 9. b4 Bc7 10. c5 Nbd7 11. Be2 Ne4 12. 0-0 Nxd2 13. Qxd2 Bg6 14. Nh2 Nf6 15. Bd3 Bxd3 16. Qxd3 h6 17. a4 a6 18. b5 axb5 19. axb5 Rxa1 20. Rxa1 Qb8 21. Nf3 Qc8 22. b6 Bd8 23. Ne5 Nd7 24. Nxd7 Qxd7 25. Ra7 Bf6 26. Nb1 Rb8 27. Nd2 Qc8 28. Qc3 Be7 29. Qd3 Bf6 30. Nf3 Be7 31. Nd2 Bf6 32. f3 Be7 33. e4 Bf6 34. Qe2 Bg5 35. Nb3 Bf6 36. Qe1 Qd7 37. Qg3 Qc8 38. Qc7 Qxc7 39. bxc7 Rc8 40. Rxb7 Kf8 41. Rb8 1-0

[Event "Rheinhessen-ch U16/U18"]
[Site "Heidesheim"]
[Date "2013.01.06"]
[Round "5.9"]
[White "Gomes, Daniel"]
[Black "Heep, Konstantin"]
[Result "0-1"]
[WhiteElo "1029"]
[BlackElo "847"]
[PlyCount "130"]
[EventDate "2013.01.06"]
[EventType "swiss"]
[EventRounds "7"]
[EventCountry "GER"]
[SourceTitle "EXT 2014"]
[Source "ChessBase"]
[SourceDate "2013.11.20"]
[SourceVersion "1"]
[SourceVersionDate "2013.11.20"]
[SourceQuality "1"]

1. e4 e5 2. Nf3 Nc6 3. Bb5 Bc5 4. Bxc6 dxc6 5. Nxe5 Qd4 6. Nd3 Qxe4+ 7. Kf1 Bb6 8. Nc3 Qf5 9. Qe1+ Kd8 10. Qe5 Qf6 11. Ne4 Qxe5 12. Nxe5 Be6 13. Ng5 Ke7 14. d3 f6 15. Nxe6 Kxe6 16. Nc4 Bd4 17. Be3 c5 18. Re1 Kf7 19. c3 Bxe3 20. Rxe3 Ne7 21. g3 Rad8 22. Kg2 b5 23. Na3 c6 24. c4 a6 25. Rf1 Rd7 26. b3 Rhd8 27. Rd1 Ng6 28. f4 Re7 29. Kf2 Rxe3 30. Kxe3 f5 31. Nc2 Ne7 32. Ne1 Re8 33. Kf2 h6 34. Rc1 b4 35. Ra1 Ra8 36. a3 a5 37. axb4 cxb4 38. Nc2 g5 39. fxg5 hxg5 40. Nxb4 g4 41. Nc2 Rb8 42. Nd4 Kf6 43. Rxa5 Rd8 44. Ke3 Rh8 45. Ra2 c5 46. Nb5 Kg5 47. d4 Rh3 48. Rf2 Ng6 49. dxc5 f4+ 50. Ke2 fxg3 51. hxg3 Rxg3 52. Nd4 Nf4+ 53. Kf1 Rd3 54. Rxf4 Kxf4 55. c6 Rxd4 56. c7 Kf3 57. Ke1 Re4+ 58. Kd2 Re8 59. b4 g3 60. b5 g2 61. b6 g1Q 62. b7 Qd4+ 63. Kc2 Re2+ 64. Kb3 Rb2+ 65. Ka3 Qc3+ 0-1

[Event "Rheinhessen-ch U16/U18"]
[Site "Heidesheim"]
[Date "2013.01.06"]
[Round "6.9"]
[White "Gomes, Daniel"]
[Black "Schmied, Nikolas"]
[Result "1-0"]
[WhiteElo "1029"]
[BlackElo "1058"]
[PlyCount "101"]
[EventDate "2013.01.06"]
[EventType "swiss"]
[EventRounds "7"]
[EventCountry "GER"]
[SourceTitle "EXT 2014"]
[Source "ChessBase"]
[SourceDate "2013.11.20"]
[SourceVersion "1"]
[SourceVersionDate "2013.11.20"]
[SourceQuality "1"]

1. d4 d5 2. Nc3 Nf6 3. Bf4 a6 4. Nf3 Bg4 5. g3 e6 6. Bg2 Nc6 7. Ne5 Rb8 8. Bf3 Bf5 9. a3 Bd6 10. e3 0-0 11. 0-0 Nd7 12. Nxd7 Qxd7 13. Bxd6 cxd6 14. e4 dxe4 15. Bxe4 Bxe4 16. Nxe4 Qc7 17. Qd3 Qe7 18. h4 h6 19. Rac1 f5 20. Nd2 Rf6 21. Kh2 d5 22. c4 Qd6 23. c5 Qc7 24. b4 Na7 25. a4 Qc6 26. Ra1 Rbf8 27. Rfb1 b5 28. axb5 Nxb5 29. Rf1 Ra8 30. Nf3 Qc8 31. Ne5 h5 32. Rfc1 Kh8 33. c6 Nd6 34. Nd7 Nc4 35. Nxf6 gxf6 36. Rcb1 Qxc6 37. b5 axb5 38. Rxa8+ Qxa8 39. Rxb5 Qa1 40. Rb7 Qa2 41. Kg2 Nd6 42. Rd7 Ne4 43. Qf3 Kg8 44. Qf4 Qb2 45. Re7 e5 46. dxe5 fxe5 47. Rxe5 Nxf2 48. Qg5+ Kh8 49. Qxh5+ Kg8 50. Qg6+ Kf8 51. Re8# 1-0

[Event "Rheinhessen-ch U16/U18"]
[Site "Heidesheim"]
[Date "2013.01.06"]
[Round "7.9"]
[White "Klein, Simon"]
[Black "Gomes, Daniel"]
[Result "1-0"]
[WhiteElo "1136"]
[BlackElo "1029"]
[PlyCount "63"]
[EventDate "2013.01.06"]
[EventType "swiss"]
[EventRounds "7"]
[EventCountry "GER"]
[SourceTitle "EXT 2014"]
[Source "ChessBase"]
[SourceDate "2013.11.20"]
[SourceVersion "1"]
[SourceVersionDate "2013.11.20"]
[SourceQuality "1"]

1. e4 e5 2. Nf3 d6 3. Nc3 Nf6 4. Bc4 Bg4 5. d3 Nc6 6. Be3 Be7 7. 0-0 a6 8. h3 Bh5 9. Nd5 Nxd5 10. Bxd5 Qd7 11. c3 0-0 12. d4 exd4 13. cxd4 Rab8 14. Rc1 Nb4 15. Bb3 Rbc8 16. d5 a5 17. Bd4 c5 18. dxc6 Nxc6 19. Bb6 Bd8 20. Bxd8 Rfxd8 21. Qd3 Nb4 22. Qe3 Rxc1 23. Rxc1 h6 24. Nd4 Bg6 25. a3 Nc6 26. Ba4 Rc8 27. f3 f6 28. Bb3+ Bf7 29. Ba4 Be8 30. Qf4 Qe7 31. Nf5 Qf7 32. Nxd6 1-0